<?xml version="1.0" encoding="UTF-8"?>
<record
    xmlns:xsi="http://www.w3.org/2001/XMLSchema-instance"
    xsi:schemaLocation="http://www.loc.gov/MARC21/slim http://www.loc.gov/standards/marcxml/schema/MARC21slim.xsd"
    xmlns="http://www.loc.gov/MARC21/slim">

  <leader>00803nam a22002417a 4500</leader>
  <controlfield tag="005">20130807105513.0</controlfield>
  <controlfield tag="008">121115t1992    ag ||||| |||| 00| 0 spa d</controlfield>
  <datafield tag="020" ind1=" " ind2=" ">
    <subfield code="a">9505372183</subfield>
  </datafield>
  <datafield tag="040" ind1=" " ind2=" ">
    <subfield code="a">AR-MoUNM</subfield>
  </datafield>
  <datafield tag="082" ind1="0" ind2=" ">
    <subfield code="a">658.401 2</subfield>
    <subfield code="b">HERMI 554</subfield>
    <subfield code="2">20</subfield>
  </datafield>
  <datafield tag="100" ind1="1" ind2=" ">
    <subfield code="9">3759</subfield>
    <subfield code="a">Hermida, Jorge Alfredo.</subfield>
  </datafield>
  <datafield tag="245" ind1="1" ind2="0">
    <subfield code="a">Administraci&#xF3;n y estrategia / </subfield>
    <subfield code="c">Jorge Hermida ; Roberto Serra ; Eduardo Kastika.</subfield>
  </datafield>
  <datafield tag="250" ind1=" " ind2=" ">
    <subfield code="a">4a ed.</subfield>
  </datafield>
  <datafield tag="260" ind1=" " ind2=" ">
    <subfield code="a">Buenos Aires :</subfield>
    <subfield code="b">Macchi,</subfield>
    <subfield code="c">c1992.</subfield>
  </datafield>
  <datafield tag="300" ind1=" " ind2=" ">
    <subfield code="a">582 p. : </subfield>
    <subfield code="b">gr&#xE1;f. ; </subfield>
    <subfield code="c">23 cm.</subfield>
  </datafield>
  <datafield tag="504" ind1=" " ind2=" ">
    <subfield code="a">Incluye referencias bibliogr&#xE1;ficas.</subfield>
  </datafield>
  <datafield tag="650" ind1=" " ind2="7">
    <subfield code="2">unescot</subfield>
    <subfield code="9">1292</subfield>
    <subfield code="a">ADMINISTRACION</subfield>
  </datafield>
  <datafield tag="650" ind1=" " ind2="7">
    <subfield code="2">unescot</subfield>
    <subfield code="9">1639</subfield>
    <subfield code="a">PLANIFICACION ESTRATEGICA</subfield>
  </datafield>
  <datafield tag="650" ind1=" " ind2="7">
    <subfield code="2">unescot</subfield>
    <subfield code="9">1545</subfield>
    <subfield code="a">ESTRATEGIA DE DESARROLLO</subfield>
  </datafield>
  <datafield tag="700" ind1="1" ind2=" ">
    <subfield code="9">3760</subfield>
    <subfield code="a">Serra, Roberto.</subfield>
  </datafield>
  <datafield tag="700" ind1="1" ind2=" ">
    <subfield code="9">3761</subfield>
    <subfield code="a">Kastika, Eduardo.</subfield>
  </datafield>
  <datafield tag="942" ind1=" " ind2=" ">
    <subfield code="c">LIBRO</subfield>
  </datafield>
  <datafield tag="999" ind1=" " ind2=" ">
    <subfield code="c">1400</subfield>
    <subfield code="d">1400</subfield>
  </datafield>
  <datafield tag="952" ind1=" " ind2=" ">
    <subfield code="0">0</subfield>
    <subfield code="1">0</subfield>
    <subfield code="4">0</subfield>
    <subfield code="7">0</subfield>
    <subfield code="a">UNM</subfield>
    <subfield code="b">UNM</subfield>
    <subfield code="d">2012-11-15</subfield>
    <subfield code="i">3107</subfield>
    <subfield code="l">5</subfield>
    <subfield code="m">2</subfield>
    <subfield code="o">658.401 2  HERMI 554</subfield>
    <subfield code="p">3107</subfield>
    <subfield code="r">2019-05-14 00:00:00</subfield>
    <subfield code="s">2019-04-23</subfield>
    <subfield code="t">Ej. C</subfield>
    <subfield code="w">2012-11-15</subfield>
    <subfield code="y">LIBRO</subfield>
  </datafield>
  <datafield tag="952" ind1=" " ind2=" ">
    <subfield code="0">0</subfield>
    <subfield code="1">0</subfield>
    <subfield code="4">0</subfield>
    <subfield code="7">0</subfield>
    <subfield code="a">UNM</subfield>
    <subfield code="b">UNM</subfield>
    <subfield code="d">2014-11-10</subfield>
    <subfield code="e">Donaci&#xF3;n Biblioteca Prof.Alfredo L. Palacios. FCE-UBA</subfield>
    <subfield code="i">10886</subfield>
    <subfield code="l">0</subfield>
    <subfield code="o">658.401 2 HERMI 554</subfield>
    <subfield code="p">10886</subfield>
    <subfield code="r">2014-11-10 00:00:00</subfield>
    <subfield code="t">Ej. 1</subfield>
    <subfield code="w">2014-11-10</subfield>
    <subfield code="y">LIBRO</subfield>
  </datafield>
  <datafield tag="952" ind1=" " ind2=" ">
    <subfield code="0">0</subfield>
    <subfield code="1">0</subfield>
    <subfield code="4">0</subfield>
    <subfield code="7">0</subfield>
    <subfield code="a">UNM</subfield>
    <subfield code="b">UNM</subfield>
    <subfield code="d">2014-11-10</subfield>
    <subfield code="e">Donaci&#xF3;n Biblioteca Prof.Alfredo L. Palacios. FCE-UBA</subfield>
    <subfield code="i">10887</subfield>
    <subfield code="l">0</subfield>
    <subfield code="o">658.401 2 HERMI 554</subfield>
    <subfield code="p">10887</subfield>
    <subfield code="r">2014-11-10 00:00:00</subfield>
    <subfield code="t">Ej. 2</subfield>
    <subfield code="w">2014-11-10</subfield>
    <subfield code="y">LIBRO</subfield>
  </datafield>
  <datafield tag="952" ind1=" " ind2=" ">
    <subfield code="0">0</subfield>
    <subfield code="1">0</subfield>
    <subfield code="4">0</subfield>
    <subfield code="7">0</subfield>
    <subfield code="a">UNM</subfield>
    <subfield code="b">UNM</subfield>
    <subfield code="d">2014-11-10</subfield>
    <subfield code="e">Donaci&#xF3;n Biblioteca Prof.Alfredo L. Palacios. FCE-UBA</subfield>
    <subfield code="i">10888</subfield>
    <subfield code="l">1</subfield>
    <subfield code="o">658.401 2 HERMI 554</subfield>
    <subfield code="p">10888</subfield>
    <subfield code="r">2015-04-09 00:00:00</subfield>
    <subfield code="s">2015-04-06</subfield>
    <subfield code="t">Ej. 3</subfield>
    <subfield code="w">2014-11-10</subfield>
    <subfield code="y">LIBRO</subfield>
  </datafield>
  <datafield tag="952" ind1=" " ind2=" ">
    <subfield code="0">0</subfield>
    <subfield code="1">0</subfield>
    <subfield code="4">0</subfield>
    <subfield code="7">0</subfield>
    <subfield code="a">UNM</subfield>
    <subfield code="b">UNM</subfield>
    <subfield code="d">2014-11-10</subfield>
    <subfield code="e">Donaci&#xF3;n Biblioteca Prof.Alfredo L. Palacios. FCE-UBA</subfield>
    <subfield code="i">10889</subfield>
    <subfield code="l">1</subfield>
    <subfield code="o">658.401 2 HERMI 554</subfield>
    <subfield code="p">10889</subfield>
    <subfield code="r">2015-04-17 00:00:00</subfield>
    <subfield code="s">2015-04-09</subfield>
    <subfield code="t">Ej. 4</subfield>
    <subfield code="w">2014-11-10</subfield>
    <subfield code="y">LIBRO</subfield>
  </datafield>
  <datafield tag="952" ind1=" " ind2=" ">
    <subfield code="0">0</subfield>
    <subfield code="1">0</subfield>
    <subfield code="4">0</subfield>
    <subfield code="7">0</subfield>
    <subfield code="a">UNM</subfield>
    <subfield code="b">UNM</subfield>
    <subfield code="d">2014-11-10</subfield>
    <subfield code="e">Donaci&#xF3;n Biblioteca Prof.Alfredo L. Palacios. FCE-UBA</subfield>
    <subfield code="i">10890</subfield>
    <subfield code="l">0</subfield>
    <subfield code="o">658.401 2 HERMI 554</subfield>
    <subfield code="p">10890</subfield>
    <subfield code="r">2014-11-10 00:00:00</subfield>
    <subfield code="t">Ej. 5</subfield>
    <subfield code="w">2014-11-10</subfield>
    <subfield code="y">LIBRO</subfield>
  </datafield>
  <datafield tag="952" ind1=" " ind2=" ">
    <subfield code="0">0</subfield>
    <subfield code="1">0</subfield>
    <subfield code="4">0</subfield>
    <subfield code="7">0</subfield>
    <subfield code="a">UNM</subfield>
    <subfield code="b">UNM</subfield>
    <subfield code="d">2014-11-10</subfield>
    <subfield code="e">Donaci&#xF3;n Biblioteca Prof.Alfredo L. Palacios. FCE-UBA</subfield>
    <subfield code="i">10891</subfield>
    <subfield code="l">1</subfield>
    <subfield code="o">658.401 2 HERMI 554</subfield>
    <subfield code="p">10891</subfield>
    <subfield code="r">2017-04-10 00:00:00</subfield>
    <subfield code="s">2017-03-06</subfield>
    <subfield code="t">Ej. 6</subfield>
    <subfield code="w">2014-11-10</subfield>
    <subfield code="y">LIBRO</subfield>
  </datafield>
  <datafield tag="952" ind1=" " ind2=" ">
    <subfield code="0">0</subfield>
    <subfield code="1">0</subfield>
    <subfield code="4">0</subfield>
    <subfield code="7">0</subfield>
    <subfield code="a">UNM</subfield>
    <subfield code="b">UNM</subfield>
    <subfield code="d">2014-11-10</subfield>
    <subfield code="e">Donaci&#xF3;n Biblioteca Prof.Alfredo L. Palacios. FCE-UBA</subfield>
    <subfield code="i">10892</subfield>
    <subfield code="l">1</subfield>
    <subfield code="o">658.401 2 HERMI 554</subfield>
    <subfield code="p">10892</subfield>
    <subfield code="r">2018-07-03 00:00:00</subfield>
    <subfield code="s">2018-06-28</subfield>
    <subfield code="t">Ej. 7</subfield>
    <subfield code="w">2014-11-10</subfield>
    <subfield code="y">LIBRO</subfield>
  </datafield>
  <datafield tag="952" ind1=" " ind2=" ">
    <subfield code="0">0</subfield>
    <subfield code="1">0</subfield>
    <subfield code="4">0</subfield>
    <subfield code="7">0</subfield>
    <subfield code="a">UNM</subfield>
    <subfield code="b">UNM</subfield>
    <subfield code="d">2014-11-10</subfield>
    <subfield code="e">Donaci&#xF3;n Biblioteca Prof.Alfredo L. Palacios. FCE-UBA</subfield>
    <subfield code="i">10893</subfield>
    <subfield code="l">0</subfield>
    <subfield code="o">658.401 2 HERMI 554</subfield>
    <subfield code="p">10893</subfield>
    <subfield code="r">2014-11-10 00:00:00</subfield>
    <subfield code="t">Ej. 8</subfield>
    <subfield code="w">2014-11-10</subfield>
    <subfield code="y">LIBRO</subfield>
  </datafield>
  <datafield tag="952" ind1=" " ind2=" ">
    <subfield code="0">0</subfield>
    <subfield code="1">0</subfield>
    <subfield code="4">0</subfield>
    <subfield code="7">0</subfield>
    <subfield code="a">UNM</subfield>
    <subfield code="b">UNM</subfield>
    <subfield code="d">2014-11-10</subfield>
    <subfield code="e">Donaci&#xF3;n Biblioteca Prof.Alfredo L. Palacios. FCE-UBA</subfield>
    <subfield code="i">10894</subfield>
    <subfield code="l">0</subfield>
    <subfield code="o">658.401 2 HERMI 554</subfield>
    <subfield code="p">10894</subfield>
    <subfield code="r">2014-11-10 00:00:00</subfield>
    <subfield code="t">Ej. 9</subfield>
    <subfield code="w">2014-11-10</subfield>
    <subfield code="y">LIBRO</subfield>
  </datafield>
  <datafield tag="952" ind1=" " ind2=" ">
    <subfield code="0">0</subfield>
    <subfield code="1">0</subfield>
    <subfield code="4">0</subfield>
    <subfield code="7">0</subfield>
    <subfield code="a">UNM</subfield>
    <subfield code="b">UNM</subfield>
    <subfield code="d">2014-11-10</subfield>
    <subfield code="e">Donaci&#xF3;n Biblioteca Prof.Alfredo L. Palacios. FCE-UBA</subfield>
    <subfield code="i">10895</subfield>
    <subfield code="l">0</subfield>
    <subfield code="o">658.401 2 HERMI 554</subfield>
    <subfield code="p">10895</subfield>
    <subfield code="r">2014-11-10 00:00:00</subfield>
    <subfield code="t">Ej. 10</subfield>
    <subfield code="w">2014-11-10</subfield>
    <subfield code="y">LIBRO</subfield>
  </datafield>
  <datafield tag="952" ind1=" " ind2=" ">
    <subfield code="0">0</subfield>
    <subfield code="1">0</subfield>
    <subfield code="4">0</subfield>
    <subfield code="7">0</subfield>
    <subfield code="a">UNM</subfield>
    <subfield code="b">UNM</subfield>
    <subfield code="d">2019-05-03</subfield>
    <subfield code="e">Donaci&#xF3;n Biblioteca Prof. Alfredo L. Palacios. FCE-UBA</subfield>
    <subfield code="i">18380</subfield>
    <subfield code="l">2</subfield>
    <subfield code="m">2</subfield>
    <subfield code="o"> 658.401 2 HERMI 554</subfield>
    <subfield code="p">18380</subfield>
    <subfield code="r">2023-09-26 00:00:00</subfield>
    <subfield code="s">2023-09-05</subfield>
    <subfield code="t">Ej.11</subfield>
    <subfield code="w">2019-05-03</subfield>
    <subfield code="y">LIBRO</subfield>
  </datafield>
</record>
